000 00422nam a2200181Ia 4500
005 20240823010100.0
008 240823s9999||||xx |||||||||||||| ||und||
041 _aENGLISH
082 _A530.41 N8
100 _aMyers H P
245 0 _aIntroductory Solid State Physics
250 _a2nd
260 _c1998
_b"Viva,New Delhi"
500 _aTRANSFERED
650 _aPhysics
_bPhysics
942 _cBK
999 _c157577
_d157577